|
|
|
|
| LEADER |
01475nam a2200373 i 4500 |
| 001 |
001790588 |
| 003 |
CZ BrMZK |
| 005 |
20210903132252.0 |
| 007 |
ta |
| 008 |
210511t20212021bu g 000 j bulo |
| 020 |
|
|
|a 978-619-161-240-6
|q (brožováno)
|
| 040 |
|
|
|a BOA001
|b cze
|e rda
|
| 041 |
1 |
|
|a bul
|h cze
|
| 072 |
|
7 |
|a 821.162.3-3
|x Česká próza
|2 Konspekt
|9 25
|
| 080 |
|
|
|a 821.162.3-32
|2 MRF
|
| 080 |
|
|
|a (0:82-32)
|2 MRF
|
| 100 |
1 |
|
|a Pánek, Josef,
|d 1966-
|7 jo2014802119
|4 aut
|
| 240 |
1 |
0 |
|a Láska v době globálních klimatických změn.
|l Bulharsky
|7 aun20211109070
|
| 245 |
1 |
0 |
|a Ljubov po vreme na globalni klimatični promeni :
|b roman /
|c Jozef Panek ; prevod ot češki Denica Prodanova
|
| 250 |
|
|
|a Părvo izdanie
|
| 264 |
|
1 |
|a [Sofija] :
|b Izdatelska kăšta "Persej",
|c [2021]
|
| 264 |
|
4 |
|c ©2021
|
| 300 |
|
|
|a 164 stran ;
|c 20 cm
|
| 336 |
|
|
|a text
|b txt
|2 rdacontent
|
| 337 |
|
|
|a bez média
|b n
|2 rdamedia
|
| 338 |
|
|
|a svazek
|b nc
|2 rdacarrier
|
| 500 |
|
|
|a Přeloženo z češtiny
|
| 500 |
|
|
|a V publikaci chybně uveden název originálu: Láska v čase globálních klimatických změn, správně má být: Láska v době globálních klimatických změn
|
| 655 |
|
7 |
|a české novely
|7 fd133969
|2 czenas
|
| 700 |
1 |
|
|a Dabiževa, Denica Atanasova,
|d 1975-
|7 jo2016907419
|4 trl
|
| 910 |
|
|
|a BOA001
|b 1-1466.037
|
| 990 |
|
|
|a BK
|
| 991 |
|
|
|b 202109
|c NOV
|
| 996 |
7 |
|
|b 2610865772
|c 1-1466.037
|l MZK
|r Sklad / do 1 hodiny
|n 0
|p dar
|w 001852349
|u 000010
|a 1
|e BOA001
|j MZK50
|s A
|